000 00733cab a22002055a 4500
001 L158187
008 141009e2014 xxk 000 0 eng d
035 _a(Sirsi) u158187
041 0 _aeng
245 0 0 _aImmigration Act 2014
_bNew legislation to implement
260 _c2014
490 _aLetting Update Journal
_v22(3) October 2014, 21-23(3)
520 _aSets out a range of measures to reduce illegal immigration. S3 (as at October 2014 not currently enforce) will require private sector landlords to check the immigration status of tenants.
590 _aKA
650 2 4 _aIMMIGRATION ACT 2014
651 4 _aUnited Kingdom
_y
690 _aResidential property
_96266
690 _aLandlord and tenant
_96252
942 _n0
999 _c84527
_d84527